Statistics for Quotes from Historical Figures #2

Click here to take the quiz!

General Stats

  • This quiz has been taken 36,908 times
  • The average score is 11 of 21

Answer Stats

PersonQuote% Correct
HoraceCarpe {diem}
92%
René DescartesI {think}, therefore I am
90%
Karl MarxWorkers of the world, {unite}!
85%
Princess DianaBeing a {princess} isn't all it's cracked up to be
81%
Lord Acton{Power} tends to corrupt, and absolute {power} corrupts absolutely
76%
Winston ChurchillI have nothing to offer but blood, toil, tears, and {sweat}
71%
Julius CaesarThe die is {cast}
64%
Robert OppenheimerNow, I am become Death, the {destroyer} of worlds
62%
MachiavelliIt is far safer to be {feared} than loved
60%
Mohandas GandhiWe need to be the {change} we wish to see in the world
60%
Thomas EdisonI have not failed. I've just found 10,000 ways that {won}'{t} {work}
52%
AesopFamiliarity breeds {contempt}
46%
Joseph StalinThe death of one man is a tragedy, the death of millions is a {statistic}
41%
P.T. BarnumThere's a {sucker} born every minute
40%
Queen VictoriaWe are not {amused}
38%
Albert EinsteinEverything should be made as {simple} as possible, but no {simple}r
35%
VoltaireThe perfect is the enemy of the {good}
34%
Mark Twain{Golf} is a good walk spoiled
28%
Pablo PicassoGood artists copy; great artists {steal}
26%
Lord TennysonTheirs not to reason why, theirs but to {do} {and} {die}
23%
Benito MussoliniBlood alone moves the wheels of {history}
19%

Score Distribution

Percentile by Number Answered

Percent of People with Each Score

Your Score History

You have not taken this quiz